000 01164nam a2200277Ia 4500
008 130821s2009 ck a gr spa
020 _a9789589648834
040 _aCo-BoUCM
_bspa
_cJavier Garzón (modificó)
_dNuevo
041 0 0 _aspa
100 1 _aAguilera Quintero, Jaime
_941177
245 1 4 _aLos derechos humanos y el derecho internacional humanitario hoja de ruta del ejército nacional
_cJaime Aguilera Quintero, Kelly Chaib de Mares, María Fernanda Reyes Rueda
260 _aBogotá (Colombia)
_bSección de Publicaciones del Ejercito
_c2009
300 _a323 páginas
_bilustraciones, gráficas
504 _aIncluye referencias bibliográficas
650 0 7 _aDerecho internacional humanitario
_97496
650 0 7 _aDerecho internacional
_912776
650 0 7 _aDerechos humanos
_97499
650 0 7 _aMilitares
_zColombia
_928644
690 _aDerecho internacional
_912776
690 _aDerechos humanos
_97499
700 1 _aChaib de Mares, Kelly
_941178
700 1 _aReyes Rueda, María Fernanda
_941179
710 1 _aColombia
_bEjercito Nacional
_9120176
942 _cLIBRO
_a8
_e1
_mA283d
_2DEWEY
_h341.481
999 _c66294
_d66294